Španielsky darček únii

Bibliographic Details
Main Author: Nič, Milan, 1972- (Author)
Format: Article
Language:Slovak
PhysicalDescription:Fotogr.
ISSN:1335-440X
Subjects:

MARC

LEADER 00000nab a2200000 a 4500
001 vtls008983452
003 SK-MaSNL
005 20260426090444.0
008 140512c2007 xo dr|p|||||||000 b|slo
015 |a SNBRB2007/04  |2 snkbucl 
038 |a SNKBUCL 
040 |a SNKBUCL  |b slo  |c SNKBUCL  |e AACR2 
041 |a slo 
044 |a xo  |c SK 
080 |a 327  |x (460:729.1)  |2 2001 
080 |a 327  |x (729.1:460)  |2 2001 
100 1 |a Nič, Milan,  |d 1972-  |4 aut  |9 107360 
245 1 0 |a Španielsky darček únii  |c Milan Nič 
300 |b Fotogr. 
500 |a Od 15.1.2007 návrat k pôvodnému vročeniu 
600 1 7 |a Moratinos, Miguel Angel  |x návšteva Kuby  |y 2007  |2 snkbucl  |9 1499377 
650 0 7 |a zahraničná politika  |2 SNKPH  |9 971 
651 7 |a Španielsko  |2 snkbucl  |9 20008 
651 7 |a Kuba  |2 SNKPHgeo  |9 17345 
773 0 |t Sme  |g Roč. 15, č. 83 (11.4.2007)  |x 1335-440X 
773 0 8 |t Kultúra  |g S. 35 
852 |a SNK  |b KIS3GCP 
958 |a ES 
958 |a CU 
999 |c 2992057  |d 2993987